000 00687na a2200229 4500
001 20063
003 MIRAKIL
005 20181213155114.0
008 170103b tu 000 0
040 _aMilas
_btur
_cTR-AnCHP
041 _atur
082 _a378.09561
_bT96 1991
090 _a378.09561 T96 1991
245 _aTürk yükseköğretiminde on yıl 1981-1991
_b1981 reformu ve sonuçları
_c[YÖK]
260 _aAnkara
_bYÖK
_c1991
300 _a33 s.
_c27 sm.
610 _aYükseköğretim Kurulu
_xKuruluş kanunu
650 _aYüksek öğretim
_xReformlar
651 _aTürkiye
_xYükseköğretim Kanunu, 1981
710 _aYükseköğretim Kurulu
942 _2ddc
_cBKS
999 _c6629
_d6629